[Event "New Zealand Junior Chp"]
[Site "Waitakere"]
[Date "2012.07.04"]
[Round "4.8"]
[White "Rains, Timothy"]
[Black "Jiang, Richard"]
[Result "1-0"]
[WhiteElo "1770"]
[BlackElo "1452"]
[PlyCount "101"]
[EventDate "2012.07.06"]
[EventType "swiss"]
[EventRounds "7"]
[EventCountry "NZL"]
[SourceDate "2012.09.09"]

1. d4 Nf6 2. c4 e6 3. Nc3 c5 4. Nf3 d5 5. Bf4 Nc6 6. e3 Be7 7. h3 a6 8. Be2 O-O
9. O-O dxc4 10. Bxc4 b5 11. Bd3 c4 12. Bc2 Nd5 13. Bg3 Bd6 14. Bxd6 Qxd6 15. a4
b4 16. Ne4 Qe7 17. Nfd2 f5 18. Nc5 c3 19. bxc3 Nxc3 20. Qf3 Bd7 21. Nc4 Rfb8
22. Bb3 a5 23. Rfe1 Kh8 24. Nb2 Nd8 25. Nxd7 Qxd7 26. Nd3 Ne4 27. Ne5 Qe8 28.
Nc4 Ra6 29. Red1 Nc3 30. Rd2 Ne4 31. Rd3 Nc3 32. Kh1 Nf7 33. h4 Rd8 34. Rd2 Ne4
35. Rc2 Nc3 36. Nd2 Rc8 37. Rac1 Rd8 38. Nf1 Nxa4 39. Bxa4 Qxa4 40. Qb7 Rad6
41. Qxf7 Qe8 42. Qxe8+ Rxe8 43. Ra2 Ra6 44. Rb1 Rb8 45. Ra4 Kg8 46. Nd2 Kf7 47.
Nb3 Rb5 48. Rc1 e5 49. dxe5 Rxe5 50. Rc7+ Kf6 51. Nc5 1-0

[Event "New Zealand Junior Chp"]
[Site "Waitakere"]
[Date "2012.07.04"]
[Round "4.9"]
[White "Fan, Allen"]
[Black "Kolev, Hristo"]
[Result "0-1"]
[WhiteElo "1429"]
[BlackElo "1733"]
[PlyCount "76"]
[EventDate "2012.07.06"]
[EventType "swiss"]
[EventRounds "7"]
[EventCountry "NZL"]
[SourceDate "2012.09.09"]

1. Nf3 d6 2. g3 Nf6 3. Bg2 g6 4. O-O Bg7 5. d3 O-O 6. c4 e5 7. Nbd2 Nc6 8. Rb1
Nh5 9. b3 f5 10. Bb2 Rf7 11. a3 Ne7 12. b4 Bf8 13. Ng5 Rg7 14. f4 Nc6 15. Ngf3
Re7 16. b5 Nb8 17. fxe5 dxe5 18. Bxe5 Rxe5 19. Nxe5 Qd4+ 20. Kh1 Qxe5 21. Bd5+
Kh8 22. a4 Nf6 23. Bg2 Ng4 24. Qe1 Ne3 25. Rf4 Nxg2 26. Kxg2 b6 27. Kf1 g5 28.
Rf2 Bc5 29. Rg2 Bb7 30. e4 Nd7 31. Rd1 Rf8 32. Qe2 fxe4+ 33. Ke1 e3 34. Ne4
Bb4+ 35. Rd2 exd2+ 36. Kd1 Nc5 37. Nxd2 Qxe2+ 38. Rxe2 Nxd3 0-1

[Event "New Zealand Junior Chp"]
[Site "Waitakere"]
[Date "2012.07.04"]
[Round "4.10"]
[White "Zhu, Karl Kai"]
[Black "Geng, Karen Jingyi"]
[Result "1-0"]
[WhiteElo "1660"]
[BlackElo "1425"]
[PlyCount "73"]
[EventDate "2012.07.06"]
[EventType "swiss"]
[EventRounds "7"]
[EventCountry "NZL"]
[SourceDate "2012.09.09"]

1. e4 d5 2. exd5 Nf6 3. d4 Nxd5 4. c4 Nb6 5. Nf3 Nc6 6. c5 Nd5 7. Bb5 a6 8.
Bxc6+ bxc6 9. Ne5 f6 10. Qh5+ g6 11. Nxg6 hxg6 12. Qxh8 Nb4 13. Na3 Nd3+ 14.
Ke2 Qxd4 15. Bh6 Qxb2+ 16. Kxd3 Qxa3+ 17. Ke2 Qb2+ 18. Kf3 Qc3+ 19. Be3 Be6 20.
h3 Bd5+ 21. Kg3 O-O-O 22. Qh4 g5 23. Qg4+ e6 24. Kh2 Bxc5 25. Bxc5 Qxc5 26. Qe2
Bc4 27. Qf3 Qe5+ 28. Qg3 Qd5 29. Rhd1 Bd3 30. Rac1 f5 31. Rc3 g4 32. Rcxd3 f4
33. Qxg4 Qxd3 34. Rxd3 Rxd3 35. Qxe6+ Kb7 36. Qc4 Ra3 37. Qb4+ 1-0

[Event "New Zealand Junior Chp"]
[Site "Waitakere"]
[Date "2012.07.04"]
[Round "4.11"]
[White "Yu, Johnson"]
[Black "Zhang, Jasmine"]
[Result "1-0"]
[WhiteElo "1297"]
[BlackElo "1010"]
[PlyCount "121"]
[EventDate "2012.07.06"]
[EventType "swiss"]
[EventRounds "7"]
[EventCountry "NZL"]
[SourceDate "2012.09.09"]

1. e4 e5 2. Nf3 Nc6 3. d4 exd4 4. Bc4 Bc5 5. c3 dxc3 6. Nxc3 d6 7. O-O Nf6 8.
Bg5 h6 9. Bh4 Bg4 10. h3 Bh5 11. Nd5 g5 12. Nxf6+ Qxf6 13. Bg3 Ne5 14. Bxe5
dxe5 15. Qd5 Bb6 16. Qxe5+ Qxe5 17. Nxe5 Bd4 18. Bb5+ c6 19. Nxc6 Bxb2 20. Rab1
a6 21. Rxb2 axb5 22. Nd4 Ra5 23. Rxb5 Ra4 24. Nf5 Be2 25. Rxb7 Ra8 26. Nd6+ Kf8
27. Rxf7+ Kg8 28. Re1 Bh5 29. Rc7 Rxa2 30. Rc8+ Kg7 31. Nf5+ Kh7 32. Rxh8+ Kxh8
33. Nxh6 Bg6 34. e5 Kg7 35. Ng4 Ra6 36. g3 Re6 37. f4 gxf4 38. gxf4 Bf5 39. Kf2
Kg6 40. Kg3 Kh5 41. Ne3 Bg6 42. f5 Rxe5 43. fxg6 Kxg6 44. Kf4 Re8 45. Rg1+ Kh5
46. h4 Rf8+ 47. Nf5 Rg8 48. Rg5+ Rxg5 49. hxg5 Kg6 50. Nh4+ Kf7 51. Kf5 Kg7 52.
g6 Kh8 53. Kf6 Kg8 54. g7 Kh7 55. Kf7 Kh6 56. g8=Q Kh5 57. Kf6 Kxh4 58. Kf5 Kh3
59. Kf4 Kh2 60. Kf3 Kh1 61. Qg2# 1-0

[Event "New Zealand Junior Chp"]
[Site "Waitakere"]
[Date "2012.07.04"]
[Round "4.12"]
[White "White, Luke"]
[Black "Yan, Caroline"]
[Result "1-0"]
[WhiteElo "1454"]
[BlackElo "1056"]
[PlyCount "91"]
[EventDate "2012.07.06"]
[EventType "swiss"]
[EventRounds "7"]
[EventCountry "NZL"]
[SourceDate "2012.09.09"]

1. e4 e6 2. d4 d5 3. Nc3 c5 4. Nf3 Nc6 5. Bb5 g6 6. Be3 c4 7. Qe2 Nge7 8. b3
cxb3 9. axb3 Bg7 10. Bxc6+ bxc6 11. O-O O-O 12. Qd2 Re8 13. Bh6 Bh8 14. Rfe1
Qc7 15. Rad1 Qa5 16. Bg5 c5 17. exd5 Bd7 18. dxe6 fxe6 19. Be3 cxd4 20. Bxd4
Bxd4 21. Qxd4 Rad8 22. Qe5 Qxe5 23. Nxe5 Bc6 24. Nxc6 Nxc6 25. Rxd8 Nxd8 26. f4
Kf7 27. Nb5 Re7 28. Nd6+ Kf6 29. g4 h6 30. h4 Rc7 31. Ne8+ Ke7 32. Nxc7 Kf6 33.
c4 g5 34. fxg5+ hxg5 35. h5 Kg7 36. Nxe6+ Nxe6 37. Rxe6 Kh7 38. c5 Kg7 39. c6
Kf7 40. Rg6 Ke7 41. c7 Kd7 42. h6 Kxc7 43. h7 Kd7 44. h8=Q Ke7 45. Qh7+ Ke8 46.
Rg8# 1-0

[Event "New Zealand Junior Chp"]
[Site "Waitakere"]
[Date "2012.07.04"]
[Round "4.13"]
[White "Yan, Sarah"]
[Black "Qin, Nicole Shu Yu"]
[Result "1/2-1/2"]
[WhiteElo "1075"]
[BlackElo "1013"]
[PlyCount "140"]
[EventDate "2012.07.06"]
[EventType "swiss"]
[EventRounds "7"]
[EventCountry "NZL"]
[SourceDate "2012.09.09"]

1. e4 e6 2. d4 d5 3. e5 c5 4. c3 Nc6 5. Nf3 Qb6 6. Bd3 Bd7 7. Bc2 cxd4 8. cxd4
Nb4 9. O-O Nxc2 10. Qxc2 Rc8 11. Nc3 Bb4 12. Bd2 Ne7 13. a3 Bxc3 14. Bxc3 h6
15. Qd2 Qc6 16. Rfe1 O-O 17. Rac1 Rfe8 18. Qd3 b6 19. Nh4 Qb5 20. Qxb5 Bxb5 21.
Nf3 Ng6 22. Bb4 Nf4 23. Rxc8 Rxc8 24. b3 Ne2+ 25. Kh1 Nf4 26. h3 Rc2 27. Bd2
Nd3 28. Rf1 Nxe5 29. Rc1 Rxc1+ 30. Bxc1 Nxf3 31. gxf3 f5 32. Kg2 Kf7 33. Kg3
Kf6 34. Bf4 g5 35. Bb8 f4+ 36. Kg4 Kg6 37. h4 h5+ 38. Kh3 Bf1+ 39. Kh2 gxh4 40.
Bxf4 h3 41. Bb8 a6 42. f4 Kf5 43. b4 Ke4 44. Be5 Kf3 45. Kg1 Bg2 46. a4 b5 47.
a5 Bf1 48. f5 Bd3 49. fxe6 Bf5 50. e7 Bd7 51. Bd6 Ke4 52. Bc5 Kd3 53. f4 Ke4
54. Bd6 Kf5 55. Kh2 Kg4 56. Kh1 Kf5 57. Kg1 Ke4 58. Kf2 Kf5 59. Kf3 Ke6 60. Bc5
Kf7 61. Kg3 Bg4 62. Bd6 h4+ 63. Kh2 Ke8 64. Kg1 Kd7 65. Bc5 Ke8 66. Kh2 Kf7 67.
Kg1 Ke8 68. Kh2 Kf7 69. Kg1 Ke8 70. Kh2 Kf7 1/2-1/2

[Event "New Zealand Junior Chp"]
[Site "Waitakere"]
[Date "2012.07.04"]
[Round "4.14"]
[White "Wang, Tony"]
[Black "Dong, Olivia"]
[Result "1/2-1/2"]
[WhiteElo "974"]
[BlackElo "1250"]
[PlyCount "185"]
[EventDate "2012.07.06"]
[EventType "swiss"]
[EventRounds "7"]
[EventCountry "NZL"]
[SourceDate "2012.09.09"]

1. d4 d5 2. c4 c6 3. Nc3 g6 4. Bf4 Bg7 5. e3 Nf6 6. Nge2 dxc4 7. g3 O-O 8. b3
cxb3 9. Qxb3 Nbd7 10. Bg2 Nh5 11. O-O Nxf4 12. Nxf4 e5 13. dxe5 Bxe5 14. Nd3
Bg7 15. Rad1 Qa5 16. Nb4 Bxc3 17. Qxc3 c5 18. Nd5 Qxc3 19. Nxc3 Rb8 20. a4 Nf6
21. Nd5 Nxd5 22. Bxd5 Be6 23. Bxe6 fxe6 24. Rd7 Rfd8 25. Rfd1 Rxd7 26. Rxd7 a5
27. Re7 b5 28. axb5 Rxb5 29. Rxe6 a4 30. Ra6 Rb1+ 31. Kg2 Ra1 32. Rc6 Rc1 33.
Ra6 Rc4 34. Ra5 h5 35. Kf3 Kf7 36. e4 Rc3+ 37. Ke2 Rc2+ 38. Ke3 Rc3+ 39. Kd2
Rf3 40. Ke2 Rc3 41. Rxa4 Rc2+ 42. Ke3 g5 43. h4 Rc3+ 44. Kd2 Rf3 45. Ke2 g4 46.
Rc4 Ra3 47. Rxc5 Kg6 48. Rf5 Ra2+ 49. Ke3 Ra3+ 50. Kf4 Rf3+ 51. Ke5 Ra3 52.
Rf6+ Kg7 53. Rd6 Rf3 54. Rd2 Kg6 55. Re2 Ra3 56. Re3 Ra5+ 57. Kd6 Ra6+ 58. Kc5
Ra5+ 59. Kb6 Re5 60. Kc6 Kf6 61. Kd6 Re6+ 62. Kd5 Re5+ 63. Kd4 Ke6 64. Re1 Kf6
65. Ke3 Ra5 66. f4 gxf3 67. Kxf3 Ke5 68. g4 Ra3+ 69. Re3 hxg4+ 70. Kf2 Rxe3 71.
Kxe3 g3 72. Kf3 g2 73. Kxg2 Kxe4 74. Kg3 Kf5 75. Kf3 Kg6 76. Kg4 Kh6 77. h5 Kh7
78. Kg5 Kg7 79. Kf5 Kh7 80. Kg5 Kg7 81. Kh4 Kh6 82. Kg4 Kh7 83. Kf3 Kh6 84. Kg4
Kh7 85. Kg5 Kg7 86. h6+ Kh7 87. Kh5 Kh8 88. Kg6 Kg8 89. Kf6 Kh7 90. Kg5 Kh8 91.
Kg6 Kg8 92. h7+ Kh8 93. Kh6 1/2-1/2

[Event "New Zealand Junior Chp"]
[Site "Waitakere"]
[Date "2012.07.04"]
[Round "4.15"]
[White "Zhu, Crystal"]
[Black "Feng, Dahlia"]
[Result "1-0"]
[WhiteElo "1223"]
[BlackElo "1022"]
[PlyCount "69"]
[EventDate "2012.07.06"]
[EventType "swiss"]
[EventRounds "7"]
[EventCountry "NZL"]
[SourceDate "2012.09.09"]

1. e4 e6 2. d4 d5 3. exd5 exd5 4. Bd3 Nc6 5. Nf3 Nf6 6. O-O g6 7. c3 Bg7 8.
Re1+ Be6 9. Ng5 Qd7 10. h3 O-O 11. Nxe6 fxe6 12. Be3 a6 13. Nd2 Rfe8 14. Nb3 e5
15. Nc5 Qc8 16. dxe5 Nxe5 17. Bd4 Nxd3 18. Rxe8+ Qxe8 19. Qxd3 b6 20. Bxf6 Bxf6
21. Qxd5+ Kf8 22. Ne6+ Ke7 23. Nxc7 Rd8 24. Qe6+ Kf8 25. Nxe8 Rxe8 26. Qxf6+
Kg8 27. Qxb6 Ra8 28. Re1 h5 29. Qxg6+ Kf8 30. Qh6+ Kf7 31. Qxh5+ Kg7 32. Re7+
Kf6 33. Qe5+ Kg6 34. Re6+ Kf7 35. Rf6+ 1-0

[Event "New Zealand Junior Chp"]
[Site "Waitakere"]
[Date "2012.07.04"]
[Round "4.16"]
[White "Tang, Ally"]
[Black "Zhu, Martin"]
[Result "1-0"]
[WhiteElo "984"]
[BlackElo "1220"]
[PlyCount "55"]
[EventDate "2012.07.06"]
[EventType "swiss"]
[EventRounds "7"]
[EventCountry "NZL"]
[SourceDate "2012.09.09"]

1. d4 e6 2. c4 d5 3. Nf3 c5 4. Bf4 Qb6 5. b3 Nc6 6. e3 Nge7 7. Be2 Ng6 8. Bg3
Be7 9. Nc3 cxd4 10. exd4 Bb4 11. Qd2 Qa5 12. Rc1 O-O 13. O-O Bxc3 14. Rxc3 Bd7
15. Re1 Rfe8 16. Bd3 Nf8 17. Ne5 Nxe5 18. Bxe5 f6 19. Bd6 Rac8 20. Bxf8 Rxf8
21. Bxh7+ Kf7 22. Bg6+ Kg8 23. Qd3 b5 24. Qh3 Rfd8 25. Qh7+ Kf8 26. c5 Qxc3 27.
Qh8+ Ke7 28. Qxg7# 1-0

[Event "New Zealand Junior Chp"]
[Site "Waitakere"]
[Date "2012.07.04"]
[Round "4.17"]
[White "Jin, Sophia"]
[Black "Qian, Bella"]
[Result "1/2-1/2"]
[WhiteElo "977"]
[BlackElo "1100"]
[PlyCount "112"]
[EventDate "2012.07.06"]
[EventType "swiss"]
[EventRounds "7"]
[EventCountry "NZL"]
[SourceDate "2012.09.09"]

1. e4 e6 2. d4 d5 3. e5 c5 4. c3 Nc6 5. Nf3 Bd7 6. Be2 Rc8 7. O-O cxd4 8. cxd4
Nb4 9. Nc3 Ne7 10. a3 Nbc6 11. Rb1 Nf5 12. Be3 Be7 13. h3 O-O 14. Re1 a6 15.
Bd3 b5 16. Bxf5 exf5 17. Nxd5 Be6 18. Nxe7+ Nxe7 19. Rc1 h6 20. Qd2 Nd5 21. Rc2
f6 22. Rec1 fxe5 23. dxe5 Qd7 24. Bc5 Rfe8 25. Nd4 Bf7 26. Bd6 Nb6 27. b3 Nd5
28. Qd3 Bg6 29. Qf3 Nb6 30. Rxc8 Rxc8 31. Rxc8+ Qxc8 32. Nc6 Qe6 33. Ne7+ Kh7
34. Nxg6 Kxg6 35. Qg3+ Kh7 36. f4 Qd5 37. Qe3 Nc8 38. Bb4 Qe6 39. Bc5 Kg6 40.
g3 Kh7 41. Qc3 Qd5 42. g4 fxg4 43. Qc2+ Kh8 44. hxg4 Qf3 45. Qf5 Qg3+ 46. Kf1
Qh3+ 47. Ke2 Qg2+ 48. Kd3 Qd5+ 49. Bd4 Qxb3+ 50. Kd2 Qc4 51. Qd3 Qd5 52. Ke3
Qg2 53. Qf5 Qg3+ 54. Ke4 Qg2+ 55. Kd3 Qf3+ 56. Be3 Qd5+ 1/2-1/2

[Event "New Zealand Junior Chp"]
[Site "Waitakere"]
[Date "2012.07.04"]
[Round "4.18"]
[White "Rains, Jessica"]
[Black "Wei, Louie"]
[Result "1/2-1/2"]
[WhiteElo "1127"]
[BlackElo "583"]
[PlyCount "94"]
[EventDate "2012.07.06"]
[EventType "swiss"]
[EventRounds "7"]
[EventCountry "NZL"]
[SourceDate "2012.09.09"]

1. c4 e5 2. Nc3 Nf6 3. g3 d5 4. d3 d4 5. Ne4 Nxe4 6. dxe4 c5 7. Bg2 Nc6 8. Nf3
Be7 9. O-O O-O 10. h4 Bg4 11. Bg5 Bxg5 12. Nxg5 f6 13. Nxh7 Kxh7 14. f3 Be6 15.
b3 Kg8 16. f4 Bg4 17. f5 d3 18. Bf3 Bxf3 19. exf3 Qd4+ 20. Kh2 Nb4 21. g4 Nc2
22. g5 Qxa1 23. Qxd3 Qxa2 24. Rf2 Ne1 25. Qd5+ Kh8 26. Rxa2 Nxf3+ 27. Kh1 b6
28. g6 Rad8 29. Qb7 Rd1+ 30. Kg2 Ne1+ 31. Kf2 Rfd8 32. Rxa7 R8d2+ 33. Ke3 Rd3+
34. Ke2 R3d2+ 35. Ke3 Rd3+ 36. Kf2 R3d2+ 37. Ke3 Rd3+ 38. Kf2 R3d2+ 39. Ke3
Rd3+ 40. Kf2 R3d2+ 41. Ke3 Rd3+ 42. Kf2 R3d2+ 43. Ke3 Rd3+ 44. Ke2 R3d2+ 45.
Ke3 Rd3+ 46. Kf2 R3d2+ 47. Ke3 Rd3+ 1/2-1/2

[Event "New Zealand Junior Chp"]
[Site "Waitakere"]
[Date "2012.07.04"]
[Round "4.19"]
[White "Huang, Nicholas"]
[Black "Hill, Raymon"]
[Result "1-0"]
[WhiteElo "1042"]
[BlackElo "725"]
[PlyCount "127"]
[EventDate "2012.07.06"]
[EventType "swiss"]
[EventRounds "7"]
[EventCountry "NZL"]
[SourceDate "2012.09.09"]

1. d4 d5 2. c4 c6 3. e3 Nf6 4. Nc3 e6 5. Nf3 Nbd7 6. Qb3 Be7 7. Bd2 O-O 8. Be2
a5 9. O-O a4 10. Nxa4 Ne4 11. Nc3 Ndf6 12. Qc2 Qc7 13. Bd3 Nxd2 14. Nxd2 h6 15.
Rfc1 Bd6 16. g3 Re8 17. cxd5 Nxd5 18. Nxd5 exd5 19. Nb3 Bh3 20. Bf1 Bxf1 21.
Rxf1 b6 22. Rfc1 Rec8 23. f4 Qe7 24. Kf2 c5 25. dxc5 bxc5 26. Qd2 Qe4 27. Rd1
c4 28. Nd4 Bc5 29. a4 Bxd4 30. Qxd4 Qxd4 31. Rxd4 Rd8 32. Ke2 Kf8 33. Kd2 Ke7
34. Kc3 Rab8 35. Ra3 Kd6 36. e4 Kc5 37. Rxd5+ Rxd5 38. exd5 Kxd5 39. a5 Ra8 40.
a6 Kc5 41. a7 Kb5 42. Kd4 Kb4 43. Ke3 c3 44. Rxc3 Rxa7 45. Ra3 Re7+ 46. Kf2 f5
47. Re3 Rd7 48. Ke2 Rc7 49. Kd2 g6 50. Rd3 h5 51. Rd6 Kb3 52. Rb6+ Kc4 53. b3+
Kd4 54. Rxg6 Rb7 55. Rd6+ Kc5 56. Rd3 Ra7 57. Kc1 Ra2 58. Rd2 Rxd2 59. Kxd2 Kb4
60. Ke3 Kxb3 61. Kd4 Kc2 62. Ke5 Kd2 63. Kxf5 Ke2 64. Kg5 1-0

[Event "New Zealand Junior Chp"]
[Site "Waitakere"]
[Date "2012.07.04"]
[Round "4.21"]
[White "Hill, Anthony"]
[Black "Tang, Tony"]
[Result "0-1"]
[WhiteElo "717"]
[BlackElo "597"]
[PlyCount "80"]
[EventDate "2012.07.06"]
[EventType "swiss"]
[EventRounds "7"]
[EventCountry "NZL"]
[SourceDate "2012.09.09"]

1. e4 e5 2. Nf3 Nc6 3. Bc4 d6 4. O-O Bg4 5. h3 Bxf3 6. Qxf3 Nf6 7. Nc3 Nd4 8.
Qe3 c6 9. Qe1 Nxc2 10. Qe2 Nxa1 11. Qd1 d5 12. exd5 cxd5 13. Bb5+ Ke7 14. Re1
Ke6 15. Qe2 Bd6 16. d4 Qc7 17. Qf3 Ne4 18. Nxe4 dxe4 19. Qxe4 Nc2 20. Re2 Nxd4
21. Qxd4 Qxc1+ 22. Kh2 Qc5 23. Qg4+ f5 24. Qa4 e4+ 25. Kg1 Qc1+ 26. Re1 Qxe1+
27. Bf1 Bh2+ 28. Kxh2 Qxf1 29. Qb3+ Kf6 30. Qxb7 Qxf2 31. b4 f4 32. Qxe4 Qg3+
33. Kg1 Rae8 34. Qc6+ Kg5 35. Qc5+ Kh4 36. Qc1 Re1+ 37. Qxe1 Qxe1+ 38. Kh2 Qe2
39. a4 f3 40. b5 Qxg2# 0-1

[Event "New Zealand Junior Chp"]
[Site "Waitakere"]
[Date "2012.07.05"]
[Round "5.1"]
[White "Tsoi, Nicole"]
[Black "Li, Zuhao Luke"]
[Result "1/2-1/2"]
[WhiteElo "1934"]
[BlackElo "2333"]
[PlyCount "36"]
[EventDate "2012.07.06"]
[EventType "swiss"]
[EventRounds "7"]
[EventCountry "NZL"]
[SourceDate "2012.09.09"]

1. d4 Nf6 2. Bf4 e6 3. e3 d5 4. Nf3 c5 5. c3 Nc6 6. Nbd2 Bd6 7. Bg3 O-O 8. Bd3
Qe7 9. Ne5 Nd7 10. Nxd7 Bxd7 11. Nf3 h6 12. O-O e5 13. dxe5 Nxe5 14. Bxe5 Bxe5
15. Nxe5 Qxe5 16. Qf3 Rae8 17. Rad1 g6 18. Bc4 Ba4 1/2-1/2

[Event "New Zealand Junior Chp"]
[Site "Waitakere"]
[Date "2012.07.05"]
[Round "5.2"]
[White "Jia, Hao"]
[Black "Zhang, Leo"]
[Result "0-1"]
[WhiteElo "1762"]
[BlackElo "1771"]
[PlyCount "116"]
[EventDate "2012.07.06"]
[EventType "swiss"]
[EventRounds "7"]
[EventCountry "NZL"]
[SourceDate "2012.09.09"]

1. e4 c5 2. Nf3 d6 3. d4 cxd4 4. Nxd4 Nf6 5. Nc3 a6 6. Bd3 e6 7. O-O Be7 8. Be3
O-O 9. Rb1 Bd7 10. f3 Nc6 11. Nxc6 Bxc6 12. Ne2 Qc7 13. c4 Rfd8 14. b4 b6 15.
Qd2 Rac8 16. Rfc1 Qb7 17. b5 axb5 18. cxb5 Bd7 19. Nd4 Rxc1+ 20. Rxc1 Rc8 21.
Rc3 Kf8 22. Qc1 Bd8 23. Nc6 Ne8 24. e5 Kg8 25. exd6 Nxd6 26. Nxd8 Rxd8 27. Rc7
Qd5 28. Bxb6 Rc8 29. Rxc8+ Nxc8 30. Be4 Qxb5 31. Bc5 f5 32. Bb1 Kf7 33. a3 Nb6
34. Bb4 Nd5 35. Qd2 Bc6 36. Bd3 Qb6+ 37. Kf1 Qd4 38. g3 Nxb4 39. axb4 Bb5 40.
Ke2 Bxd3+ 41. Qxd3 Qxb4 42. f4 Kg6 43. Qd7 Kf6 44. Qd8+ Qe7 45. Qd4+ e5 46.
Qb6+ Qe6 47. Qd8+ Kg6 48. Qg5+ Kf7 49. Qh5+ Kg8 50. fxe5 Qxe5+ 51. Kd2 g6 52.
Qg5 Kg7 53. Qf4 Qxf4+ 54. gxf4 Kh6 55. Ke3 Kh5 56. Kd4 Kg4 57. Ke5 Kf3 58. h4
Kg4 0-1

[Event "New Zealand Junior Chp"]
[Site "Waitakere"]
[Date "2012.07.05"]
[Round "5.3"]
[White "Gao, Hans"]
[Black "Rains, Timothy"]
[Result "1-0"]
[WhiteElo "2189"]
[BlackElo "1770"]
[PlyCount "119"]
[EventDate "2012.07.06"]
[EventType "swiss"]
[EventRounds "7"]
[EventCountry "NZL"]
[SourceDate "2012.09.09"]

1. e4 c5 2. Nc3 Nc6 3. Bb5 g6 4. f4 Bg7 5. Nf3 a6 6. Bxc6 bxc6 7. d3 d5 8. O-O
Bg4 9. h3 Bxf3 10. Qxf3 e6 11. f5 Qc7 12. fxe6 fxe6 13. Bf4 Qb7 14. Bd6 O-O-O
15. Bxc5 Nf6 16. Ba3 Rhe8 17. Na4 Nd7 18. Qf7 Bd4+ 19. Kh1 Nf6 20. Rxf6 Bxf6
21. Qxf6 dxe4 22. Nc5 Qe7 23. Nxe4 Qxf6 24. Nxf6 Rh8 25. Re1 h5 26. Rxe6 Kb7
27. Bc5 Rc8 28. Ne4 Rc7 29. Rxg6 h4 30. Nd6+ Ka8 31. Rg4 Re7 32. Ra4 Re1+ 33.
Kh2 Re2 34. Rxa6+ Kb8 35. Rb6+ Ka8 36. c4 Rg8 37. Rxc6 Rexg2+ 38. Kh1 R2g3 39.
Rc8+ Rxc8 40. Nxc8 Rxh3+ 41. Kg2 Rxd3 42. b4 Ra3 43. Nd6 Rxa2+ 44. Kh3 Kb8 45.
Kxh4 Rg2 46. Bb6 Rg6 47. c5 Ka8 48. b5 Kb8 49. Kh5 Rg8 50. c6 Ka8 51. Ba5 Rb8
52. c7 Rh8+ 53. Kg6 Ka7 54. b6+ Ka6 55. c8=Q+ Rxc8 56. Nxc8 Kb7 57. Nd6+ Ka6
58. b7 Ka7 59. Bc7 Ka6 60. b8=R 1-0

[Event "New Zealand Junior Chp"]
[Site "Waitakere"]
[Date "2012.07.05"]
[Round "5.4"]
[White "James, Jack"]
[Black "Rains, Edward"]
[Result "1/2-1/2"]
[WhiteElo "1764"]
[BlackElo "1895"]
[PlyCount "118"]
[EventDate "2012.07.06"]
[EventType "swiss"]
[EventRounds "7"]
[EventCountry "NZL"]
[SourceDate "2012.09.09"]

1. e4 c5 2. Nc3 g6 3. f4 Bg7 4. Nf3 Nc6 5. Bb5 Nd4 6. O-O e6 7. e5 a6 8. Bd3 d5
9. Nxd4 cxd4 10. Ne2 Qb6 11. Qe1 Ne7 12. Qf2 Nc6 13. c3 Bd7 14. Nxd4 Nxd4 15.
Qxd4 Qxd4+ 16. cxd4 b5 17. b3 a5 18. a4 b4 19. Bb2 Ke7 20. Rac1 Rhc8 21. Rc5
Kd8 22. g4 Bf8 23. Rcc1 Ke8 24. Kg2 Be7 25. Kg3 Kf8 26. f5 gxf5 27. gxf5 exf5
28. Kf4 h6 29. Bxf5 Bg5+ 30. Kg4 Bxf5+ 31. Kxf5 Ke7 32. Rxc8 Rxc8 33. Rc1 Rxc1
34. Bxc1 Kd7 35. Kg4 Ke6 36. h4 f5+ 37. Kg3 Be7 38. d3 Bf8 39. h5 Kf7 40. Be3
Ke6 41. Kf3 Bg7 42. Bf2 Bf8 43. Be1 Be7 44. Bd2 Bf8 45. Kf4 Be7 46. Kg3 Bf8 47.
Kf3 Kf7 48. e6+ Kxe6 49. Bf4 Bg7 50. Ke3 Kd7 51. Bb8 Bf6 52. Bf4 Bg7 53. Be5
Bxe5 54. dxe5 Ke6 55. d4 Kf7 56. Kf3 Ke7 57. Kg3 Kf7 58. Kh4 Ke7 59. Kg3 Kf7
1/2-1/2

[Event "New Zealand Junior Chp"]
[Site "Waitakere"]
[Date "2012.07.05"]
[Round "5.5"]
[White "Ang, Alphaeus Wei Ern"]
[Black "Zhu, Karl Kai"]
[Result "0-1"]
[WhiteElo "1814"]
[BlackElo "1660"]
[PlyCount "152"]
[EventDate "2012.07.06"]
[EventType "swiss"]
[EventRounds "7"]
[EventCountry "NZL"]
[SourceDate "2012.09.09"]

1. d4 Nf6 2. c4 e6 3. Nc3 d5 4. Bg5 Be7 5. Bxf6 Bxf6 6. Nf3 O-O 7. e4 dxe4 8.
Nxe4 Be7 9. Bd3 Nc6 10. Nc3 Bf6 11. Ne2 e5 12. d5 Na5 13. Qc2 g6 14. O-O b6 15.
Rad1 Nb7 16. b4 Qe7 17. a3 Bg4 18. Be4 Nd6 19. c5 bxc5 20. bxc5 Nxe4 21. Qxe4
Bxf3 22. Qxf3 e4 23. Qe3 Be5 24. f4 exf3 25. Rxf3 Rfe8 26. Rd3 Qh4 27. Ng3 Qc4
28. Qf2 Bxg3 29. hxg3 Re5 30. Qd4 Qxd4+ 31. Rxd4 Rd8 32. Rfd3 c6 33. dxc6 Rxd4
34. Rxd4 Rxc5 35. Rd7 Rxc6 36. Rxa7 Rc3 37. Kh2 Kg7 38. a4 Ra3 39. a5 g5 40. a6
Kg6 41. Ra8 f6 42. a7 Kf5 43. Kg1 Ra2 44. Kf1 Kg4 45. Ke1 Kxg3 46. Kd1 Kxg2 47.
Kc1 Kh3 48. Kb1 Ra6 49. Kb2 g4 50. Kb3 g3 51. Kb4 g2 52. Kb5 Ra1 53. Rf8 Rxa7
54. Rxf6 g1=Q 55. Rb6 Qxb6+ 56. Kxb6 Rg7 57. Kc5 Rg4 58. Kd5 Kh4 59. Ke5 Kg5
60. Kd5 Kf5 61. Kd6 Ke4 62. Kc5 Kd3 63. Kd5 Rg5+ 64. Kd6 Ke4 65. Kc6 Kd4 66.
Kd6 Rg6+ 67. Kd7 Ke5 68. Kc7 Kd5 69. Kb7 Kc5 70. Kc7 Rg7+ 71. Kd8 Kd6 72. Ke8
Ra7 73. Kf8 Ke6 74. Kg8 Kf6 75. Kh8 Kg6 76. Kg8 Ra8# 0-1

[Event "New Zealand Junior Chp"]
[Site "Waitakere"]
[Date "2012.07.05"]
[Round "5.6"]
[White "Kolev, Hristo"]
[Black "Lam, Byron"]
[Result "1-0"]
[WhiteElo "1733"]
[BlackElo "1783"]
[PlyCount "109"]
[EventDate "2012.07.06"]
[EventType "swiss"]
[EventRounds "7"]
[EventCountry "NZL"]
[SourceDate "2012.09.09"]

1. Nf3 Nf6 2. c4 c5 3. g3 g6 4. Bg2 Bg7 5. O-O O-O 6. d3 d6 7. e3 Bg4 8. h3 Bd7
9. d4 cxd4 10. Nxd4 Nc6 11. Nc3 Qc8 12. Nxc6 Bxc6 13. Nd5 Nxd5 14. cxd5 Bd7 15.
Kh2 Qc5 16. Bd2 Bxb2 17. Rb1 Bg7 18. Rxb7 Bb5 19. Re1 Rab8 20. Rxe7 Bf6 21. Re4
Bd3 22. Rb4 Rxb4 23. Bxb4 Qxb4 24. Rg1 Bc4 25. Qc2 Qc5 26. Rb1 Rc8 27. Qd2 Ba6
28. Rb3 Bc3 29. Qc2 Bb4 30. Qb2 Bc3 31. Qc2 Qc4 32. Ra3 Rc7 33. Ra4 Qe2 34. Qb3
Bb5 35. Rf4 Be5 36. Rf3 Rc3 37. Qb4 Kg7 38. a4 Ba6 39. Qb8 Bf6 40. Qxd6 Bd4 41.
Qe7 Qxf3 42. Bxf3 Bf6 43. Qxa7 Bd3 44. d6 Rc2 45. e4 Be5 46. Qe3 Ba6 47. d7 Bf6
48. Kg2 Ra2 49. e5 Bd8 50. Qa7 Rxa4 51. Qb8 Ba5 52. d8=Q Bxd8 53. Qxd8 Bc4 54.
Qf6+ Kg8 55. Qc6 1-0

[Event "New Zealand Junior Chp"]
[Site "Waitakere"]
[Date "2012.07.05"]
[Round "5.7"]
[White "White, Luke"]
[Black "Zhang, William Jiewen"]
[Result "0-1"]
[WhiteElo "1454"]
[BlackElo "1864"]
[PlyCount "114"]
[EventDate "2012.07.06"]
[EventType "swiss"]
[EventRounds "7"]
[EventCountry "NZL"]
[SourceDate "2012.09.09"]

1. e4 e6 2. d4 d5 3. exd5 exd5 4. Nf3 Bg4 5. Be2 Nc6 6. Nc3 Bb4 7. O-O Nge7 8.
h3 Bh5 9. Bf4 a6 10. a3 Bd6 11. Qd2 f6 12. Rfe1 Qd7 13. b4 O-O 14. Bxd6 Qxd6
15. b5 Nd8 16. a4 a5 17. Qe3 Nf5 18. Qd2 Bf7 19. Bd3 Ne7 20. Ne2 Ne6 21. Nc1 b6
22. Nb3 Rae8 23. c4 dxc4 24. Bxc4 Nf4 25. Bxf7+ Kxf7 26. Rac1 Ned5 27. Rxe8
Rxe8 28. Ra1 Re2 29. Qd1 Nc3 30. Qc1 Re7 31. Qd2 Nfe2+ 32. Kf1 Qd5 33. Nc1 Qc4
34. Qd3 Qxd3 35. Nxd3 Nd5 36. Re1 Nec3 37. Rxe7+ Kxe7 38. Nb2 Ke6 39. Ke1 Nf4
40. Kf1 Kf5 41. Kg1 Ke4 42. Kh2 Nfe2 43. Nd2+ Kxd4 44. Nf3+ Kc5 45. Nd3+ Kc4
46. Nb2+ Kb3 47. Nd3 Kxa4 48. h4 Kxb5 49. Kh3 a4 50. Nfe1 a3 51. Nc2 a2 52. Na1
Kc4 53. Nb2+ Kd4 54. Nc2+ Ke4 55. f3+ Kf5 56. Nd3 c5 57. Nb2 Nd4 0-1

[Event "New Zealand Junior Chp"]
[Site "Waitakere"]
[Date "2012.07.05"]
[Round "5.8"]
[White "Zhu, Leo Lei"]
[Black "Yu, Johnson"]
[Result "1-0"]
[WhiteElo "1652"]
[BlackElo "1297"]
[PlyCount "43"]
[EventDate "2012.07.06"]
[EventType "swiss"]
[EventRounds "7"]
[EventCountry "NZL"]
[SourceDate "2012.09.09"]

1. e4 c5 2. Nf3 d6 3. d4 cxd4 4. Nxd4 Nf6 5. Nc3 Nc6 6. Be3 Bd7 7. f3 e6 8.
Ndb5 Bc8 9. Bc4 Be7 10. Qd2 O-O 11. Rd1 d5 12. exd5 exd5 13. Nxd5 Nxd5 14. Qxd5
Qxd5 15. Bxd5 a6 16. Nd4 Bc5 17. Kf2 Nb4 18. Bb3 Bxd4 19. Bxd4 Be6 20. Bc5 Bxb3
21. cxb3 Nxa2 22. Ra1 1-0